00403nam a22001217a 450000500170000000800410001704100080005808200080006610000590007424500770013326000510021030000200026120260123104128.0260123b |||||||| |||| 00| 0 eng d aeng bGAI aGaikwad Neha- 2k241023 & Dr. Sonali Parchure – Guide aA Study of Financial Statements Analysis of Shrimant Malojiraje Bank LTD aPunebSavitribai Phule Pune University c2025 a71pbHard Bound